<?xml version="1.0" encoding="UTF-8"?><?xml-stylesheet type="text/xsl" href="static/style.xsl"?><OAI-PMH xmlns="http://www.openarchives.org/OAI/2.0/" xmlns:xsi="http://www.w3.org/2001/XMLSchema-instance" xsi:schemaLocation="http://www.openarchives.org/OAI/2.0/ http://www.openarchives.org/OAI/2.0/OAI-PMH.xsd"><responseDate>2026-04-17T19:05:22Z</responseDate><request verb="GetRecord" identifier="oai:www.recercat.cat:20.500.14342/5312" metadataPrefix="marc">https://recercat.cat/oai/request</request><GetRecord><record><header><identifier>oai:recercat.cat:20.500.14342/5312</identifier><datestamp>2025-12-11T20:09:08Z</datestamp><setSpec>com_2072_482405</setSpec><setSpec>com_2072_183628</setSpec><setSpec>col_2072_482412</setSpec></header><metadata><record xmlns="http://www.loc.gov/MARC21/slim" xmlns:dcterms="http://purl.org/dc/terms/" xmlns:xsi="http://www.w3.org/2001/XMLSchema-instance" xmlns:doc="http://www.lyncode.com/xoai" xsi:schemaLocation="http://www.loc.gov/MARC21/slim http://www.loc.gov/standards/marcxml/schema/MARC21slim.xsd">
   <leader>00925njm 22002777a 4500</leader>
   <datafield ind2=" " ind1=" " tag="042">
      <subfield code="a">dc</subfield>
   </datafield>
   <datafield ind2=" " ind1=" " tag="720">
      <subfield code="a">Enjuanes Llop, Jordi</subfield>
      <subfield code="e">author</subfield>
   </datafield>
   <datafield ind2=" " ind1=" " tag="720">
      <subfield code="a">Palasí Luna, Eva</subfield>
      <subfield code="e">author</subfield>
   </datafield>
   <datafield ind2=" " ind1=" " tag="720">
      <subfield code="a">Morata García, Txus</subfield>
      <subfield code="e">author</subfield>
   </datafield>
   <datafield ind2=" " ind1=" " tag="720">
      <subfield code="a">García Oliva, Montserrat</subfield>
      <subfield code="e">author</subfield>
   </datafield>
   <datafield ind2=" " ind1=" " tag="260">
      <subfield code="c">2025-02-17</subfield>
   </datafield>
   <datafield ind2=" " ind1=" " tag="520">
      <subfield code="a">La legislación ecuatoriana impulsa y fomenta el proceso de reinserción de las personas privadas de libertad. No obstante, la realidad en los centros de reinserción social es distinta. La disminución en la calidad de vida y una intervención de corte retributivo, no permiten dar una respuesta adecuada al marco legislativo. En el presente artículo se recoge la voz de internos y profesionales, para analizar la realidad del sistema penitenciario, identificando los puntos fuerzas y aspectos a mejorar en la finalidad del propio sistema, así como las acciones de motivación y orientación al cambio. Se concluye con una serie de propuestas que deben permitir mejorar la ejecución penal y favorecer procesos de reinserción social.</subfield>
   </datafield>
   <datafield ind2=" " ind1=" " tag="520">
      <subfield code="a">A legislação equatoriana promove&#xd;
e incentiva o processo de reintegração de pessoas&#xd;
privadas de liberdade. Entretanto, a realidade&#xd;
nos centros de reintegração social é diferente. A&#xd;
diminuição da qualidade de vida e uma intervenção&#xd;
de natureza retributiva não permitem uma resposta&#xd;
adequada à estrutura legislativa. Este artigo reúne&#xd;
as vozes de detentos e profissionais para analisar a&#xd;
realidade do sistema penitenciário, identificando os&#xd;
pontos fortes e as áreas de melhoria na finalidade do&#xd;
próprio sistema, bem como as ações para motivar&#xd;
e orientar a mudança. Conclui com uma série de&#xd;
propostas que devem melhorar a execução penal e&#xd;
favorecer os processos de reintegração social.</subfield>
   </datafield>
   <datafield ind2=" " ind1=" " tag="520">
      <subfield code="a">Ecuadorian legislation promotes and encourages the process of reintegration of persons deprived of liberty. However, the reality in social reintegration centers is different. The decrease in the quality of life and a retributive intervention do not allow an adequate response to the legislative framework. This article gathers the voice of inmates and professionals to analyze the reality of the penitentiary system, identifying strengths and aspects to be improved in the purpose of the system itself, as well as actions to motivate and guide change. It concludes with a series of proposals that should allow improving the penal execution and favoring social reinsertion processes.</subfield>
   </datafield>
   <datafield ind1="8" ind2=" " tag="024">
      <subfield code="a">2178‑2792</subfield>
   </datafield>
   <datafield ind1="8" ind2=" " tag="024">
      <subfield code="a">http://hdl.handle.net/20.500.14342/5312</subfield>
   </datafield>
   <datafield ind1="8" ind2=" " tag="024">
      <subfield code="a">https://doi.org/10.4322/dilemas.v18.n1.62565</subfield>
   </datafield>
   <datafield tag="653" ind2=" " ind1=" ">
      <subfield code="a">Centres de reintegració social</subfield>
   </datafield>
   <datafield tag="653" ind2=" " ind1=" ">
      <subfield code="a">Pedagogia social</subfield>
   </datafield>
   <datafield tag="653" ind2=" " ind1=" ">
      <subfield code="a">Rehabilitació</subfield>
   </datafield>
   <datafield tag="653" ind2=" " ind1=" ">
      <subfield code="a">Inclusió social</subfield>
   </datafield>
   <datafield tag="653" ind2=" " ind1=" ">
      <subfield code="a">Qualitat de vida</subfield>
   </datafield>
   <datafield ind2="0" ind1="0" tag="245">
      <subfield code="a">Nuevos retos en el sistema penitenciario ecuatoriano</subfield>
   </datafield>
</record></metadata></record></GetRecord></OAI-PMH>